Protegiendo hoy el agua del mañana (Registro nro. 12594)

Detalles MARC
000 -Cabecera
Campo de control de longitud fija 00599nam a22002297a 4500
005 - Fecha y hora de la última transacción
Campo de control 20240515145401.0
008 - Elementos de longitud fija--Información general
Campo de control de longitud fija 200219b2008 xxu||||| |||| 00| 0 spa d
041 ## - Idioma
Código de idioma Español
082 ## - Clasificación Decimal Dewey
Número de clasificación 363.61 P967
100 ## - Entrada principal--Autor personal
Nombre personal Programa de Gestion Integrada del Recurso Hídrico
245 ## - Título propiamente dicho
Título Protegiendo hoy el agua del mañana
260 ## - Pie de imprenta
Lugar de publicación, distribución, etc. Costa Rica
260 ## - Pie de imprenta
Nombre del editor, distribuidor, etc. Cedarena
260 ## - Pie de imprenta
Fecha de publicación, distribución, etc. 2008
300 ## - Descripción física
Extensión 81 páginas
650 ## - Materia general
Temática (materia general) ABASTECIMIENTO DE AGUA
650 ## - Materia general
Temática (materia general) ACUEDUCTOS RURALES
650 ## - Materia general
Temática (materia general) COSTA RICA
650 ## - Materia general
Temática (materia general) RECURSO HÍDRICO
650 ## - Materia general
Temática (materia general) MANTOS ACUÍFEROS
942 ## - Punto de acceso adicional KOHA
Tipo de ítem KOHA Libro
Fuente del sistema de clasificación o colocación Dewey Decimal Classification
Existencias
Signatura completa Código de barras Tipo de ítem
363.61 P967 2791 Libro